000 00513nam a2200205Ia 4500
008 210210b2011 xxu||||| |||| 00| 0 eng d
020 _a9788183568210
041 _aeng
082 _a338.54 PANR
100 _aPANIGRAHY (Rajib Lochan)
245 _aRecession hit management
260 _aNew Delhi
_bDiscovery Publishing House
_c2011
300 _a168
650 _aRecession
650 _amanagement
650 _ahit
690 _aMicroeconomics
700 _aSAHU (Anil Kumar) Ed
906 _a066148
999 _c146527
_d146527